| 000 | 01284cam a22003254a 4500 | ||
|---|---|---|---|
| 999 |
_c28540 _d28511 |
||
| 001 | 12447789 | ||
| 003 | EG-ScBUE | ||
| 005 | 20200808135106.0 | ||
| 008 | 010621t2002 xxua f b 001 0 eng d | ||
| 020 | _a0534376606 | ||
| 040 |
_aDLC _beng _erda _cDLC _dDLC _dEG-ScBUE |
||
| 082 | 0 | 4 |
_a515.2433 _bPIN _222 |
| 100 | 1 |
_aPinsky, Mark A., _d1940- _eauthor. _93861 |
|
| 245 | 1 | 0 |
_aIntroduction to Fourier analysis and wavelets / _cMark A. Pinsky, Northwestern University. |
| 264 | 1 |
_aPacific Grove, USA : _bThomson/Brooks Cole, _c[2002] |
|
| 264 | 4 | _cc2002 | |
| 300 |
_axviii, 376 p. : _billustrations ; _c25 cm. |
||
| 336 |
_2rdacontent _atext _btxt |
||
| 337 |
_2rdamedia _aunmediated _bn |
||
| 338 |
_2rdacarrier _avolume _bnc |
||
| 490 | 0 | _aThe Brooks/Cole series in advanced mathematics | |
| 504 | _aIncludes bibliographical references and index. | ||
| 650 | 7 |
_aFourier analysis. _2BUEsh |
|
| 650 | 7 |
_aWavelets (Mathematics) _2BUEsh |
|
| 653 |
_bGGEN _cJuly2020 |
||
| 655 |
_vReading book _934232 |
||
| 906 |
_a7 _bcbc _corignew _d1 _eocip _f20 _gy-gencatlg |
||
| 942 |
_2ddc _cBB |
||